000 00651nmm a2200169Ia 4500
008 251105s9999||||xx |||||||||||||||||und||
020 _a9788497492546
041 _aspa
100 _aFerraces Rodríguez, Arsenio
245 0 _aTradición griega y textos médicos latinos en el período presalernitano :
_b Actas del VIII Coloquio Internacional Textos Médicos Latinos Antiguos (A Coruña, 2-4 septiembre 2004)
264 _a[Madrid, España] :
_bUniversidade da Coruña,
_c2007
300 _a411 páginas
490 _aCursos, congresos e simposios
650 _aMedicine
856 _uhttps://public.digitaliapublishing.com/a/1136
942 _cCF
999 _c90555
_d90555